000
00319nam a2200121Ia 4500
008
240624s9999 xx 000 0 und d
041
_a
eng
082
_a
650.0973 BRO
100
_a
BROOKS JOHN
245
_a
BUSINESS ADVENTURES TWELVE CLASSIC TALES
260
_c
2014
_a
world of wall street
_b
Open Road Media
365
_c
999
_c
22912
_d
22912